Cargando...

Society of the future.

Detalles Bibliográficos
Autor Principal: Bebel,August
Formato: Printed Book
Publicado: Moscow : Progress Publishers, 1971.
Series:Scientific Socialism Series.
Subjects:
LEADER 00489nam a22001577a 4500
082 |a 335.4  |b BEB/S 
100 |a Bebel,August. 
245 |a Society of the future. 
260 |a Moscow :  |b Progress Publishers,  |c 1971. 
300 |a 155p.; 
490 |a Scientific Socialism Series. 
650 |a Society 
650 |a Sociology 
942 |c BK 
999 |c 100650  |d 100650 
952 |0 0  |1 0  |4 0  |6 335_400000000000000_BEB_S  |7 0  |9 94050  |a SSS  |b SSS  |c CAS  |d 2012-05-16  |l 0  |o 335.4 BEB/S  |p SSSMK0217  |r 2012-05-16  |w 2012-05-16  |y BK